Normal view
MARC view
Entry Personal Name
001 - CONTROL NUMBER
- control field: 9820
003 - CONTROL NUMBER IDENTIFIER
- control field: ARRUPE
005 - DATE AND TIME OF LATEST TRANSACTION
- control field: 20140408140710.0
008 - FIXED-LENGTH DATA ELEMENTS
- fixed length control field: 140408|| aca||aabn | a|a d
040 ## - CATALOGING SOURCE
- Original cataloging agency: ARRUPE
- Transcribing agency: ARRUPE
100 ## - HEADING--PERSONAL NAME
- Personal name: Ayer, A. J.
- Fuller form of name: (Alfred Jules),
- Dates associated with a name: 1910-1989.
670 ## - SOURCE DATA FOUND
- Source citation: Work cat.: (ARRUPE)0: The philosophy of A.J. Ayer /, c1992.